Advertising taglines UK 4 - Statistics

General Stats
  • This quiz has been taken 22 times
  • The average score is 7 of 15
Answer Stats
Slogan Answer % Correct
Ppppick up a...? Penguin
100%
For mash, get...? Smash
94%
Shhh, don't tell Sid! British Gas
78%
"Nicole?" - "Papa?" Renault Clio
67%
"3 in 1 protection, for your family!" Aquafresh
50%
The finest butter, in the world! Lurpak
50%
🎵"Everyone's a fruit and nut case!" Fruit and Nut
44%
Take it easy, with....? Cadburys Caramel
39%
"Tap it and unwrap it!" Terrys Chocolate Orange
39%
"Clearly minty" Fox's Glacier Mints
33%
Nothing sparkles like a....? Babycham
28%
'The Ambassadors' residence... Ferrero Rocher
28%
"Slightly rippled, with a flat underside" Boost
17%
"Melissa, darling!" Cinzano
11%
"Proud sponsors of the British Winter" Lockets
11%
No matching quizzes found
Score Distribution
Percent of People with Each Score
Percentile by Number Answered
Your Score History
You have not taken this quiz